[Event "STICH 2324 SC Böblingen - SK 1980 Gerns"]
[Site "Ettlingen"]
[Date "2024.05.05"]
[Round "20.8"]
[White "Martaler, Jewgeni"]
[Black "Nies, Peter"]
[Result "0-1"]
[WhiteElo "2181"]
[BlackElo "2057"]
[PlyCount "70"]
[EventDate "2024.05.04"]

1. e4 e6 2. Nc3 d5 3. d4 Nf6 4. e5 Nfd7 5. f4 c5 6. Nf3 Nc6 7. Ne2 Be7 8. c3 O-O 9. Ng3 cxd4 10. cxd4 f6 11. Bd3 fxe5 12. fxe5 Nxd4 13. Nxd4 Nxe5 14. Bxh7+ Kxh7 15. Qh5+ Kg8 16. Qxe5 Bd6 17. Qg5 Bb4+ 18. Kd1 Qb6 19. Nc2 Bc5 20. Bf4 Qb5 21. Be5 Rf7 22. Re1 Bd7 23. Qg6 d4 24. Nh5 Bf8 25. Nxd4 Qxb2 26. Nc2 Qb6 27. Nd4 Ba4+ 28. Ke2 Qb2+ 29. Ke3 Qf2+ 30. Kd3 Rd8 31. Qxe6 Qc2+ 32. Ke3 Qc3+ 33. Ke2 Bb5+ 34. Kd1 Qd3+ 35. Kc1 Ba3# 0-1

[Event "STICH 2324 SK Kirchweyhe II - SC Kreuzbe"]
[Site "?"]
[Date "2024.05.05"]
[Round "20.1"]
[White "Glantz, Robert"]
[Black "Palac, Mladen"]
[Result "1-0"]
[WhiteElo "2385"]
[BlackElo "2465"]
[PlyCount "75"]
[EventDate "2024.??.??"]

1. e4 c5 2. Nf3 d6 3. Bb5+ Nd7 4. Ba4 Ngf6 5. O-O e6 6. d3 Be7 7. c4 O-O 8. Nc3 Ne5 9. Nxe5 dxe5 10. f4 Bd7 11. Bc2 Bc6 12. f5 exf5 13. Rxf5 Bd7 14. Rf1 Be6 15. Kh1 Nd7 16. Be3 Rc8 17. a3 Nb8 18. Ba4 Nc6 19. Bxc6 Rxc6 20. Nd5 Bxd5 21. cxd5 Rc7 22. Qh5 f6 23. a4 b6 24. b3 Qe8 25. Qe2 Qd7 26. g4 b5 27. axb5 Rb8 28. g5 fxg5 29. Qh5 Qe8 30. Qxe8+ Rxe8 31. Ra6 Rb7 32. d6 Bf8 33. Bxc5 Rd8 34. d4 Rxb5 35. b4 exd4 36. e5 d3 37. e6 d2 38. Rd1 1-0

[Event "STICH 2324 SK Kirchweyhe II - SC Kreuzbe"]
[Site "?"]
[Date "2024.05.05"]
[Round "20.3"]
[White "Matthes, Aaron"]
[Black "Zaja, Ivan"]
[Result "1/2-1/2"]
[WhiteElo "2215"]
[BlackElo "2428"]
[PlyCount "85"]
[EventDate "2024.??.??"]

1. d4 Nf6 2. c4 e6 3. Nf3 Bb4+ 4. Bd2 Qe7 5. e3 Bxd2+ 6. Qxd2 b6 7. Nc3 Bb7 8. Bd3 c5 9. e4 cxd4 10. Nxd4 d6 11. Bc2 O-O 12. Rd1 Nbd7 13. O-O Ne5 14. b3 Rfd8 15. Qe2 a6 16. f4 Ng6 17. Kh1 Rac8 18. Rd3 b5 19. cxb5 axb5 20. Ndxb5 Nxe4 21. Nxe4 Rxc2 22. Qxc2 Bxe4 23. Qe2 Bxd3 24. Qxd3 e5 25. fxe5 dxe5 26. Qe4 Nf4 27. Nc3 Qc5 28. Qf3 f6 29. h3 h5 30. Kh2 h4 31. Ne4 Qc2 32. Rf2 Qb1 33. Rf1 Qxa2 34. Qg4 f5 35. Qg5 Rf8 36. Nc5 Qa7 37. b4 Rf6 38. Rd1 Qa8 39. b5 Kh7 40. Rd7 Rg6 41. Qxh4+ Rh6 42. Qg5 Rg6 43. Qh4+ 1/2-1/2

[Event "STICH 2324 SK Kirchweyhe II - SC Kreuzbe"]
[Site "?"]
[Date "2024.05.05"]
[Round "20.4"]
[White "Kovacevic, Blazimir"]
[Black "Groetzbach, Julian"]
[Result "1/2-1/2"]
[WhiteElo "2372"]
[BlackElo "2204"]
[PlyCount "37"]
[EventDate "2024.??.??"]

1. Nf3 d5 2. g3 Nf6 3. Bg2 c6 4. O-O Bf5 5. c4 e6 6. Qb3 Qb6 7. d3 Na6 8. Be3 Bc5 9. Qxb6 axb6 10. Bd4 Ke7 11. Nc3 dxc4 12. dxc4 Rhd8 13. Rfd1 Nb4 14. e3 Nc2 15. Rac1 Nxd4 16. Nxd4 Bg4 17. Rd2 e5 18. Nb3 Rxd2 19. Nxd2 1/2-1/2

[Event "STICH 2324 SK Kirchweyhe II - SC Kreuzbe"]
[Site "?"]
[Date "2024.05.05"]
[Round "20.5"]
[White "Moritz, Aron"]
[Black "Genov, Petar"]
[Result "1/2-1/2"]
[WhiteElo "2286"]
[BlackElo "2410"]
[PlyCount "81"]
[EventDate "2024.??.??"]

1. e4 c5 2. Nf3 Nc6 3. d4 cxd4 4. Nxd4 Nf6 5. Nc3 e5 6. Ndb5 d6 7. Bg5 a6 8. Na3 b5 9. Nd5 Be7 10. Bxf6 Bxf6 11. c4 Nd4 12. cxb5 Be6 13. Bc4 Rb8 14. b6 O-O 15. O-O Qd7 16. Nc2 Bxd5 17. Bxd5 Rxb6 18. Nxd4 exd4 19. b3 Rc8 20. Bc4 a5 21. f4 Qe7 22. Qd3 Rc5 23. Rae1 h6 24. Re2 Rb7 25. Rfe1 Rb8 26. g3 Qc7 27. Kg2 Re8 28. Qf3 Re7 29. Qd3 Qb7 30. Qf3 Qc7 31. h3 Qb8 32. Kh2 Qc7 33. Kg2 Qb8 34. Kh2 Qc7 35. Qd3 Qb8 36. Rf1 Qb4 37. Rc1 Qb6 38. Rce1 Qb4 39. Rc1 Qb6 40. Rce1 Qb4 41. Rc1 1/2-1/2

[Event "STICH 2324 SK Kirchweyhe II - SC Kreuzbe"]
[Site "?"]
[Date "2024.05.05"]
[Round "20.6"]
[White "Medak, Bojan"]
[Black "Strache, Michael"]
[Result "1/2-1/2"]
[WhiteElo "2332"]
[BlackElo "2222"]
[PlyCount "28"]
[EventDate "2024.??.??"]

1. Nf3 d5 2. c4 e6 3. g3 d4 4. e3 Nc6 5. Bg2 Bc5 6. O-O Nge7 7. d3 O-O 8. Na3 e5 9. Nc2 dxe3 10. Bxe3 Bxe3 11. Nxe3 h6 12. Re1 Re8 13. Qd2 Qd6 14. Qc3 Bf5 1/2-1/2

[Event "STICH 2324 SK Kirchweyhe II - SC Kreuzbe"]
[Site "?"]
[Date "2024.05.05"]
[Round "20.7"]
[White "Dathe, Frederick"]
[Black "Vernacki, Srdjan"]
[Result "1/2-1/2"]
[WhiteElo "2235"]
[BlackElo "2276"]
[PlyCount "109"]
[EventDate "2024.??.??"]

1. c4 c5 2. g3 Nf6 3. Bg2 e6 4. Nf3 Be7 5. O-O O-O 6. Nc3 a6 7. e4 d6 8. d3 Nc6 9. b3 Nd7 10. Bb2 Bf6 11. Qd2 Nde5 12. Ne1 Nd4 13. Ne2 Nec6 14. Nxd4 Bxd4 15. Bxd4 Nxd4 16. f4 Rb8 17. Nf3 Qf6 18. Qf2 Nxf3+ 19. Bxf3 b6 20. Rab1 Qc3 21. Rfc1 Qf6 22. b4 Bd7 23. Qb2 e5 24. Bg2 cxb4 25. fxe5 dxe5 26. Qxb4 a5 27. Qd2 Qd6 28. Qe3 Qc5 29. Qf2 h6 30. Rc2 Qd6 31. Qe3 Rfc8 32. Rcb2 Rc5 33. Bf1 h5 34. Be2 g6 35. Kg2 Kg7 36. h3 Bc6 37. Kh2 Bd7 38. Kg2 Bc6 39. Kh2 Be8 40. Kg2 Bd7 41. g4 hxg4 42. hxg4 Rc6 43. Rh1 Rh8 44. Rxh8 Kxh8 45. Qh6+ Kg8 46. Rb1 Qf6 47. Rf1 Qg7 48. Qg5 Be6 49. Rb1 f6 50. Qh4 Qe7 51. Qf2 Qd8 52. Rf1 Kg7 53. Rh1 g5 54. Kf3 Bf7 55. Rb1 1/2-1/2

[Event "STICH 2324 SK Kirchweyhe II - SC Kreuzbe"]
[Site "?"]
[Date "2024.05.05"]
[Round "20.8"]
[White "Ascic, Pero"]
[Black "Vogel, Constantin"]
[Result "1/2-1/2"]
[WhiteElo "2236"]
[BlackElo "2183"]
[PlyCount "33"]
[EventDate "2024.??.??"]

1. d4 Nf6 2. Nf3 e6 3. e3 b6 4. Be2 Bb7 5. O-O Be7 6. c4 O-O 7. Nc3 d5 8. b3 Nbd7 9. Bb2 c5 10. Rc1 Rc8 11. Rc2 cxd4 12. Nxd4 dxc4 13. Bxc4 Ne5 14. Be2 Qd6 15. f4 Nc6 16. Ncb5 Qb8 17. Nxc6 1/2-1/2